New York Click Quiz - Apple, Lake, University, or NYC Neighborhood - Statistics

General Stats
  • This quiz has been taken 45 times
  • The average score is 23 of 32
Answer Stats
Hint Answer % Correct
SoHo NYC Neighborhood
100%
Astoria NYC Neighborhood
100%
Harlem NYC Neighborhood
97%
Tribeca NYC Neighborhood
97%
Jamaica NYC Neighborhood
97%
Chelsea NYC Neighborhood
97%
Flushing NYC Neighborhood
94%
McIntosh Apple
87%
Fordham University
87%
Crispin Apple
84%
Cayuga Lake
84%
Syracuse University
84%
Jonagold Apple
81%
Champlain Lake
81%
Barnard University
81%
Hofstra University
81%
Chautauqua Lake
77%
Otsego Lake
74%
Dumbo NYC Neighborhood
74%
Colgate University
74%
Oneida Lake
71%
Owasco Lake
71%
Seneca Lake
61%
Cooper Union University
61%
Braeburn Apple
52%
Keuka Lake
52%
Empire Apple
45%
Canisuis University
45%
Cortland Apple
42%
Rome Apple
35%
Utica University
35%
Stayman Apple
32%
No matching quizzes found
Score Distribution
Percent of People with Each Score
Percentile by Number Answered
Your Score History
You have not taken this quiz